Central Library OPAC University of Rajshahi

নাথবতী অনাথবৎ / (Record no. 41266)

MARC details
000 -LEADER
fixed length control field 00825nam a2200241 a 4500
001 - CONTROL NUMBER
control field 41266
003 - CONTROL NUMBER IDENTIFIER
rucl marc code BD-RjUL
005 - DATE AND TIME OF LATEST TRANSACTION
control field 20211209053345.0
008 - FIXED-LENGTH DATA ELEMENTS--GENERAL INFORMATION
fixed length control field 160518r19902002ii |||| |||| 00| d ben d
020 ## - INTERNATIONAL STANDARD BOOK NUMBER
International Standard Book Number 8171570305
Terms of availability : IRs. 30.00
035 ## - SYSTEM CONTROL NUMBER
System control number (BD-RjUL)41383
040 ## - CATALOGING SOURCE
Original cataloging agency BD-RjUL
Language of cataloging ben
Transcribing agency BD-RjUL
Modifying agency BD-RjUL
041 ## - LANGUAGE CODE
Language code of text/sound track or separate title ben
082 ## - DEWEY DECIMAL CLASSIFICATION NUMBER
Edition number 23
Classification number 891.442
Author mark and year MIN 2002
100 ## - MAIN ENTRY--PERSONAL NAME
Personal name মিত্র, শাঁওলী
9 (RLIN) 126909
245 10 - TITLE STATEMENT
Title নাথবতী অনাথবৎ /
Statement of responsibility, etc. শাঁওলী মিত্র
250 ## - EDITION STATEMENT
Edition statement ৪র্থ সং.
260 ## - PUBLICATION, DISTRIBUTION, ETC. (IMPRINT)
Place of publication, distribution, etc. কলিকাতা :
Name of publisher, distributor, etc. এস. সি. সরকার এন্ড সন্স,
Date of publication, distribution, etc. ১৯৯১
300 ## - PHYSICAL DESCRIPTION
Pagination ৭৯ পৃ. ;
Size ২৩ সেমি.
650 ## - SUBJECT ADDED ENTRY--TOPICAL TERM
Topical term or geographic name as entry element বাংলা নাটক
9 (RLIN) 126910
Topical term or geographic name as entry element Bengali Drama
9 (RLIN) 126911
942 ## - ADDED ENTRY ELEMENTS (KOHA)
Source of classification or shelving scheme Dewey Decimal Classification
Koha item type Books
Holdings
Lost status Source of classification or shelving scheme Damaged status Not for loan Collection code Permanent Location Current Location Shelving location Date acquired Source of acquisition Cost, normal purchase price Total Checkouts Full call number Date last seen Copy number Koha item type
  Dewey Decimal Classification     Non-fiction Central Library, University of Rajshahi Central Library, University of Rajshahi   17/07/2006 Paragogn Enterprise, Dhaka 30.00   B 891.442 MIN 2002 18/05/2016 C-2 Books
  Dewey Decimal Classification     Non-fiction Central Library, University of Rajshahi Central Library, University of Rajshahi   17/07/2006 Dhaka : Paragon Enterprise 30.00   B 891.442 MIN 2002 31/05/2016 C-3 Books